Statistics for Shades of Blue

Click here to take the quiz!

General Stats

  • This quiz has been taken 84 times
    (61 since last reset)
  • The average score is 8 of 21

Answer Stats

Answer% Correct
navy
80%
sky
78%
turquoise
68%
teal
60%
baby
53%
cerulean
53%
cyan
53%
blue
48%
royal
48%
aqua
45%
azure
40%
indigo
40%
ocean
38%
sapphire
30%
aquamarine
23%
cobalt
20%
denim
15%
prussian
10%
slate
10%
aegean
3%
berry
3%

Score Distribution

Percentile by Number Answered

Percent of People with Each Score

Your Score History

You have not taken this quiz since the last reset